Lands on Magdalena Bay Message from the President of the United States transmitting in response to Senate resolution of May 16, 1912, copies of correspondence relative to the American syndicate interested in lands on Magdalena Bay.

Bibliographic Details
Corporate Authors: United States. Congress. Senate. Committee on Foreign Relations, ProQuest (Firm)
Format: eBook
Language:English
Published: Washington : [publisher not identified], 1912.
Series:United States congressional serial set.
Subjects:
Online Access:Connect to the full text of this electronic book

MARC

Tag First Indicator Second Indicator Subfields
LEADER 00000cam a22000001a 4500
001 in00003051637
005 20190402183541.0
006 m o d
007 cr un mmmapmmp
008 070626s1912 dcu o f000 0 eng d
035 |a cis2004139651 
040 |a UMI  |c UMI  |d UtOrBLW 
043 |a n-us--- 
099 |a ProQuest Serial Set Number 6177 S.doc.694 
110 1 |a United States.  |b Congress.  |b Senate.  |b Committee on Foreign Relations. 
245 1 0 |a Lands on Magdalena Bay Message from the President of the United States transmitting in response to Senate resolution of May 16, 1912, copies of correspondence relative to the American syndicate interested in lands on Magdalena Bay. 
246 1 |a Correspondence relating to purchase of land at Magdalena Bay, Baja California, by Japanese government or company 
264 1 |a Washington :  |b [publisher not identified],  |c 1912. 
300 |a 1 online resource. 
336 |a text  |b txt  |2 rdacontent 
337 |a computer  |b c  |2 rdamedia 
338 |a online resource  |b cr  |2 rdacarrier 
490 0 |a S.doc.694 
500 |a Record is based on bibliographic data in ProQuest U.S. Serial Set Digital Collection (last viewed June 2007). Reuse except for individual research requires license from ProQuest, LLC. 
510 3 |a ProQuest U.S. Serial Set Digital Collection 
500 |a Electronic resource. 
650 0 |a International relations. 
650 0 |a Land tenure. 
651 0 |a Japan. 
655 7 |a Electronic books.  |2 local 
710 2 |a ProQuest (Firm) 
830 0 |a United States congressional serial set. 
856 4 0 |u http://proxy.library.tamu.edu/login?url=http://congressional.proquest.com/congcomp/getdoc?SERIAL-SET-ID=6177+S.doc.694  |z Connect to the full text of this electronic book  |t 0 
999 |a MARS 
999 f f |s 972b9a32-84bf-3564-9b51-d942e724a959  |i 3399e922-81e3-3e9a-b15a-7f81ac075210  |t 0 
952 f f |a Texas A&M University  |b College Station  |c Electronic Resources  |d Available Online  |t 0  |e ProQuest Serial Set Number 6177 S.doc.694  |h Other scheme 
998 f f |a ProQuest Serial Set Number 6177 S.doc.694  |t 0  |l Available Online